| 000 | 00590cam a22001814a 4500 | ||
|---|---|---|---|
| 005 | 20250605164057.0 | ||
| 008 | 250528s ||||||||||||||||||||||||d | ||
| 035 | _a17505 | ||
| 020 | _a3789060755 | ||
| 040 |
_aGR-AtMCL _bgre _dGR-AtMCL _eAACR2 |
||
| 245 | 1 | _aDie Anwendung Des Europaischen Kartellrechts in Griechenland / Die Rechtsprechung der Griechischen Gerichte und die Entscheidungspraxis der Griechischen Kartellbehorde | |
| 260 |
_bAnt. N. Sakkoulas Verlag, _c1999 |
||
| 300 | _a236 | ||
| 700 | 1 |
_aIliopoulos Constantin _93646 |
|
| 942 | _cBK | ||
| 999 |
_c2913 _d2913 |
||